00603nam a22001812 4500001001100000005001700011008004100028040001500069100003100084245008000115250001200195260006000207300001800267650004000285650006500325700002800390852000300418000001996920151217155904.0110405s xx 000 0 eng d aKABUcKABU1 aChebet, Susan.@000017999310aClimbing the cliff :ba history of the Keiyo /cSusan Chebet and Ton Dietz. a1st ed. aMoi University, Eldoret :bMoi university press,c2000. axviii, 224 p. 0aElgeyo (African people)@0000179994 0aKeiyo district (Kenya)xSocial life and customs.@00001799951 aDietz, Ton.@00001696051